00335nam a2200109Ia 4500008004100000082000800041100001400049245004500063942000600108952009600114999001500210240331s9999 xx 000 0 und d bSME aSmedley,A 0aPortraits of Chinese women in revolution cL 001040708LaWERCLbWERCLcSSCd2024-03-31l0o 305.4 SMEp100r2024-03-31w2024-03-31yL c4471d4471